000 00323nam a2200157Ia 4500
100 _aBaker/Jacob R
650 _aCMOS
942 _cBK
366 _f27
654 _acmos
245 _aCMOS:Circuit design
260 _bWiley India
_c2005
082 _a621.3815
_bBAK
300 _a1038
546 _aENGLISH
_cPAMPHALETS
999 _c24614
_d24614